000 00611nam a22001577a 4500
003 MACL
005 20250801150839.0
008 250801b |||||||| |||| 00| 0 eng d
040 _cMACL
082 _a001
100 _aअरिहंत पब्लिकेशन
_983246
245 _aIAS PRELIMS Solved papers 2025-1995 31 years UPSC Poweplay GS Paper 1+ CSAT Paper 2
_bसामान्य अध्ययन पेपर 1 + CSAT पेपर 2
260 _aमेरठ (यू पी)
_bअरिहंत पब्लिकेशन
_c2025
650 _aसामान्य
942 _2ddc
_cC. BOOKS
999 _c68092
_d68092